Presidents During The Gilded Age (1865 - 1902) - Statistics

General Stats
  • This quiz has been taken 57 times
  • The average score is 7 of 8
Answer Stats
Hint Answer % Correct
1897-1901 William McKinley
89%
1869-1877 Ulysses S. Grant
87%
1885-1889, 1893-1897 Stephen Grover Cleveland
85%
1877-1881 Rutherford B. Hayes
83%
1881-1885 Chester A. Arthur
81%
1881 James A. Garfield
81%
1865-1869 Andrew Johnson
74%
1889-1893 Benjamin Harrison
74%
No matching quizzes found
Score Distribution
Percent of People with Each Score
Percentile by Number Answered
Your Score History
You have not taken this quiz